| 000 | 00791nas a2200241Ia 4500 | ||
|---|---|---|---|
| 001 | R020/75121 | ||
| 003 | IT-RoPAU | ||
| 008 | 151124c99999999xx |||||||||||| ||und|| | ||
| 040 | _aIT-RoPAU | ||
| 040 | _cIT-RoPAU | ||
| 041 | _aITALIANO | ||
| 100 |
_aWerner Gosta _gCodice Aut. SPICS: 18376 |
||
| 210 | _aGRIFFITHIANA | ||
| 222 | _aGriffithiana | ||
| 245 |
_aGRIFFITHIANA, ANNO 11-N.32/33 (SETTEMBRE 1988) _bVingarna: Ritrovato E Restaurato Il Film di Mauritz Stiller |
||
| 250 | _a1a ed. | ||
| 260 |
_aGEMONA (UDINE) _bCINETECA DEL FRIULI _c1988 |
||
| 501 |
_bPaulus - SPICS - Società San Paolo EM (non-commercial uses only) _cCopyright2015 |
||
| 300 | _a3 p. [90-92] | ||
| 362 | _aANNO 011, N.32/33 (SETTEMBRE 1988) | ||
| 650 |
_aCINEMA _vPUBBLICAZIONE PERIODICA |
||
| 942 | _cCR | ||
| 999 |
_c129841 _d129841 |
||